Hyper-purified natural rubber latex prepared with urea (Record no. 60562)

MARC details
000 -LEADER
fixed length control field 00429nam a2200121Ia 4500
100 ## - MAIN ENTRY--AUTHOR NAME
Personal name Kawahara Seiichi
245 #0 - TITLE STATEMENT
Title Hyper-purified natural rubber latex prepared with urea
260 ## - PUBLICATION, DISTRIBUTION, ETC. (IMPRINT)
Name of publisher 2nd International Rubber Glove Conference and Exhibition, Technical Papers, 29 June - 1 July, 2004, Kuala Lumpur, Malaysia.
650 ## - SUBJECT ADDED ENTRY--TOPICAL TERM
Topical Term Deproteinization
650 ## - SUBJECT ADDED ENTRY--TOPICAL TERM
Topical Term NR latex
942 ## - ADDED ENTRY ELEMENTS (KOHA)
Koha item type Journals
Holdings
Withdrawn status Lost status Damaged status Not for loan Home library Current library Shelving location Date acquired Koha item type
      Journals RRII Library RRII Library Rubber chemistry 17/12/2021 Journals